Central Library OPAC University of Rajshahi

Face of a victim / (Record no. 27537)

MARC details
000 -LEADER
fixed length control field 00816cam a22002652 4500
001 - CONTROL NUMBER
control field 27537
003 - CONTROL NUMBER IDENTIFIER
rucl marc code BD-RjUL
005 - DATE AND TIME OF LATEST TRANSACTION
control field 20211209051152.0
008 - FIXED-LENGTH DATA ELEMENTS--GENERAL INFORMATION
fixed length control field 140325s1955 nyu 000 0aeng
035 ## - SYSTEM CONTROL NUMBER
System control number (BD-RjUL)27611
040 ## - CATALOGING SOURCE
Original cataloging agency DLC
Transcribing agency JPL
Modifying agency OCL
-- SER
-- BD-RjUL
Language of cataloging eng
041 1# - LANGUAGE CODE
Language code of text/sound track or separate title engrus
082 ## - DEWEY DECIMAL CLASSIFICATION NUMBER
Classification number 365.947
Author mark and year LEF 1955
100 1# - MAIN ENTRY--PERSONAL NAME
Personal name Lermolo, Elizabeth.
9 (RLIN) 84592
245 10 - TITLE STATEMENT
Title Face of a victim /
Statement of responsibility, etc. Translated from the Russian by I.D.W. Talmadge; with a foreward by Alexandra Tolstoy.
250 ## - EDITION STATEMENT
Edition statement 1st ed.
260 ## - PUBLICATION, DISTRIBUTION, ETC. (IMPRINT)
Place of publication, distribution, etc. New York :
Name of publisher, distributor, etc. Harper,
Date of publication, distribution, etc. 1955
300 ## - PHYSICAL DESCRIPTION
Pagination 311 p. :
Size 22 cm.
Illustrations ill. ;
500 ## - GENERAL NOTE
General note Autobiographical.
650 #0 - SUBJECT ADDED ENTRY--TOPICAL TERM
Topical term or geographic name as entry element Political crimes and offenses
Geographic subdivision Soviet Union.
9 (RLIN) 84593
Topical term or geographic name as entry element Prisons
Geographic subdivision Soviet Union.
9 (RLIN) 84594
942 ## - ADDED ENTRY ELEMENTS (KOHA)
Source of classification or shelving scheme Dewey Decimal Classification
Koha item type Books
Holdings
Lost status Source of classification or shelving scheme Damaged status Not for loan Collection code Permanent Location Current Location Shelving location Date acquired Source of acquisition Total Checkouts Full call number Date last seen Copy number Koha item type
  Dewey Decimal Classification   Added to bundle Non-fiction Central Library, University of Rajshahi Central Library, University of Rajshahi Reading Room 11/02/1958 U.S.I.S Dacca   365.947 LEF 1955 25/03/2014 C-1 Books